| 000 -CABECERA |
| Longitud fija campo de control |
00895nas a22002297a 4500 |
| 003 - IDENTIFICADOR DEL NÚMERO DE CONTROL |
| Identificador del número de control |
OSt |
| 005 - FECHA Y HORA DE LA ÚLTIMA TRANSACCIÓN |
| Fecha y hora de la última transacción |
20240905132200.0 |
| 008 - CÓDIGOS DE INFORMACIÓN DE LONGITUD FIJA |
| Códigos de información de longitud fija |
130702d19962010sp ||||| |||| 00| 0 cat d |
| 022 ## - NÚMERO INTERNACIONAL NORMALIZADO PARA PUBLICACIONES SERIADAS |
| Número Internacional Normalizado para Publicaciones Seriadas |
1886-4074 |
| 040 ## - FUENTE DE LA CATALOGACIÓN |
| Centro transcriptor |
CDMR |
| Lengua de catalogación |
cat |
| 245 ## - MENCIÓN DE TÍTULO |
| Título |
Antena local |
| Resto del título |
: la revista de la comunicació local |
| 260 ## - PUBLICACIÓN, DISTRIBUCIÓN, ETC. (PIE DE IMPRENTA) |
| Lugar de publicación, distribución, etc. |
Barcelona |
| Nombre del editor, distribuidor, etc. |
Federació Catalana de Ràdios i Televisions Locals |
| Fecha de publicación, distribución, etc. |
1996-2010 |
| 310 ## - PERIODICIDAD ACTUAL |
| Periodicidad actual |
Bimestral |
| 362 ## - FECHAS DE PUBLICACIÓN Y/O DESIGNACIÓN SECUENCIAL |
| Fecha de publicación y/o designación secuencial |
Núm. 1 (jul. 1996) - núm. 71 (des. 2010) |
| 650 04 - PUNTO DE ACCESO ADICIONAL DE MATERIA - TÉRMINO DE MATERIA |
| 9 (RLIN) |
3717 |
| Término de materia o nombre geográfico como elemento inicial |
Premsa comarcal |
| Subdivisión geográfica |
Catalunya |
| Subdivisión de forma |
Revistes |
| 650 04 - PUNTO DE ACCESO ADICIONAL DE MATERIA - TÉRMINO DE MATERIA |
| 9 (RLIN) |
3756 |
| Término de materia o nombre geográfico como elemento inicial |
Ràdio local |
| Subdivisión geográfica |
Catalunya |
| Subdivisión de forma |
Revistes |
| 650 04 - PUNTO DE ACCESO ADICIONAL DE MATERIA - TÉRMINO DE MATERIA |
| 9 (RLIN) |
3757 |
| Término de materia o nombre geográfico como elemento inicial |
Televisió local |
| Subdivisión geográfica |
Catalunya |
| Subdivisión de forma |
Revistes |
| 650 04 - PUNTO DE ACCESO ADICIONAL DE MATERIA - TÉRMINO DE MATERIA |
| 9 (RLIN) |
4580 |
| Término de materia o nombre geográfico como elemento inicial |
Butlletins d'informació |
| 710 2# - PUNTO DE ACCESO ADICIONAL - NOMBRE DE ENTIDAD |
| 9 (RLIN) |
3907 |
| Nombre de entidad o nombre de jurisdicción como elemento inicial |
Federació d'Organismes i Entitats de Ràdio Local de Catalunya |
| 856 04 - LOCALIZACIÓN Y ACCESO ELECTRÓNICO |
| Identificador Uniforme del Recurso (URI) |
<a href="https://www.radiolocal.cat/ca/publicacions.cfm/id/4875/revista-_antena-local_">https://www.radiolocal.cat/ca/publicacions.cfm/id/4875/revista-_antena-local_</a> |
| Texto del enlace |
Disponible en línia |
| 942 ## - ENTRADA DE ELEMENTOS AGREGADOS (KOHA) |
| Fuente de clasificaión o esquema |
|
| Koha [por defecto] tipo de item |
Publicacions periòdiques |